1165 1243 1538 1682 1892 1570 1774 1370 1624 1513 1430 1396 1703 1215 1095 1289 1870 1607 1067 1988 1084 1817 1698 1150 1345 1706 1515 1800 1531 1998 1939 1887 1818 1215 1781 1844 1761 1722 1848 1779 1536 1968 1586 1269 1783 1743 1553 1529 1122 1255 1948 1768 1759 1166 1363 1799 1429 1950 1534 1133 1485 1037 1506 1408 1312 1532 1763 1968 1791 1128 1078 1051 1694 1524 1219 1544 1533 1742 1149 1667 1814 1722 1499 1098 1824 1443 1153 1410 1496 1074 1590 1419 1201 1161 1311 1812 1027 1701 1223 BCNSPRNW ULIB Ver.6.0+V

เปลี่ยนเป็นภาษาไทย

Change to English
 แสดงรายละเอียดบรรณานุกรม
  กลับหน้าหลัก

Brief Record : Get Marc (ISO 2709) : E-mail record : QR code < ปิดหน้าต่าง
LEADER : 00000nam 2200000uu 4500
001    13399121668
003     ULIB
008    121129s2547||||th 000 0 tha d
020    ^a9789748317625
060 04 ^aWS105.5^bช541ร
100 0  ^aคิวโทกุ, ชิเงโมริ
245 10 ^aโรคแม่ทำ /^cโดย ชิเงโมริ คิวโทกุ ; แปล/เรียบเรียงโดย สมอาจ วงษ์ขมทอง
250    ^aพิมพ์ครั้งที่ 9
260    ^aกรุงเทพฯ :^bหมอชาวบ้าน,^c2547
300    ^a163 หน้า :^bภาพประกอบ
650  2 ^aFamily Relations
650  2 ^aParent-Child Relations
700 00 ^aสมอาจ วงษ์ขมทอง,^eผู้แปล
945    ^p120^l0^i15204
995    ^aวิภา
999 ^a ใช้งานได้ทุกระบบ
รายการนี้ยังไม่มีแท็ก
คุณยังไม่ได้ล็อกอิน คุณสามารถมีกิจกรรมร่วมกับเว็บไซต์ได้ แต่ต้องล็อกอินก่อน ::
  ล็อกอิน

รายการสื่อสารสนเทศ

ลำดับที่ ประเภท เลขเรียก/บาร์โค้ด สถานที่ สถานะ
1. วิทยาศาสตร์การแพทย์ และสุขภาพ
วิทยาศาสตร์การแพทย์ และสุขภาพ
WS105.5 ช541ร  
  Barcode: 15204
ห้องสมุดวิทยาเขตสวรรค์ประชารักษ์
►หนังสือทั่วไป
บนชั้น

รายการใกล้เคียง
    ผู้แต่ง [คิวโทกุ, ชิเงโมริ]

    หัวเรื่อง [Family Relations]
    หัวเรื่อง [Parent-Child Relations]

BibComment


ยังไม่เคยถูกคอมเมนท์

คอมเมนท์ทรัพยากรรายการนี้
  คอมเมนท์: โรคแม่ทำ โดย ชิ..


 Copyright 2026. Bcnsprnw @Library